Loading...
| Science - Biology | 0 | 7 | 0 | 1 | 70 | 62 | 81.00 | 1 | 6 | 0.00 | 0.00 |
| Science - Physics | 0 | 5 | 0 | 1 | 50 | 61 | 90.00 | 0 | 3 | 0.00 | 0.00 |
| Philosophy | 0 | 4 | 0 | 1 | 40 | 73 | 93.00 | 1 | 2 | 0.00 | 0.00 |
| Science - Other | 0 | 4 | 1 | 1 | 35 | 28 | 72.75 | 3 | 3 | 0.00 | 0.00 |
| History - American | 0 | 3 | 0 | 1 | 30 | 42 | 74.00 | 2 | 2 | 0.00 | 0.00 |
| Literature - European | 0 | 3 | 0 | 0 | 30 | 55 | 87.33 | 1 | 3 | 0.00 | 0.00 |
| Literature - World | 0 | 3 | 0 | 2 | 30 | 107 | 118.33 | 0 | 0 | 0.00 | 0.00 |
| Social Science | 0 | 3 | 1 | 0 | 25 | 58 | 89.00 | 1 | 3 | 0.00 | 0.00 |
| Science - Chemistry | 0 | 3 | 1 | 0 | 25 | 61 | 78.00 | 1 | 2 | 0.00 | 0.00 |
| History - World | 0 | 2 | 0 | 1 | 20 | 91 | 116.50 | 2 | 2 | 0.00 | 0.00 |
| Literature - British | 0 | 2 | 0 | 0 | 20 | 106 | 114.50 | 0 | 1 | 0.00 | 0.00 |
| Religion | 0 | 2 | 1 | 0 | 15 | 92 | 93.50 | 1 | 2 | 0.00 | 0.00 |
| Fine Arts - Other | 0 | 1 | 0 | 0 | 10 | 87 | 87.00 | 0 | 1 | 0.00 | 0.00 |
| Current Events | 0 | 1 | 0 | 0 | 10 | 24 | 24.00 | 1 | 1 | 0.00 | 0.00 |
| Literature - American | 0 | 1 | 0 | 0 | 10 | 84 | 84.00 | 1 | 1 | 0.00 | 0.00 |
| Geography | 0 | 1 | 0 | 0 | 10 | 54 | 54.00 | 1 | 1 | 0.00 | 0.00 |
| History - European | 0 | 0 | 1 | 0 | -5 | 0.00 | 0 | 0 | 0.00 | 0.00 |